Proceedings of the 42nd International Business Information Management Association Conference (IBIMA) Global Economic Development Research within 2025 Vision

Gespeichert in:
Bibliographische Detailangaben
Körperschaft: International Business Information Management Association Conference. Global Economic Development Research within 2025 Vision
Format: Buch
Sprache:Englisch
Veröffentlicht: [Norristown] International Business Information Management Association 2023
Ausgabe:1st Edition
Schlagworte:
Tags: Tag hinzufügen
Keine Tags, Fügen Sie das erste Tag hinzu!

MARC

LEADER 00000nam a2200000 4500
001 0298767
005 20240416114217.0
022 |a 2767-9640 
041 0 |a eng 
044 |a US 
245 1 0 |a Proceedings of the 42nd International Business Information Management Association Conference (IBIMA)  |b Global Economic Development Research within 2025 Vision 
250 |a 1st Edition 
264 1 |a [Norristown]  |b International Business Information Management Association  |c 2023 
300 |a [1856 s.] 
610 2 0 |a manažment inovačný 
610 2 0 |a podnikanie medzinárodné 
610 2 0 |a globalizácia 
610 2 0 |a rozvoj hospodársky 
610 2 0 |a trh práce 
110 2 |a International Business Information Management Association Conference. Global Economic Development Research within 2025 Vision